00579nam a2200181 i 450000100060000000300090000600500170001500700030003200800410003508000210007610000410009724500850013826000480022330000300027150000380030170000250033985200330036466872ES-MaACL20250302202840.0t|040416s1994 bl ||||1| por d a821.134.2-14"19"1 aMayor Zaragoza, Federico,d1934-202410aAntologia poética / cFederico Mayor Zaragoza ; traduçao Carlos Sepúlveda. aRio de Janeiro : bNova Fronteira, c[1994] a128 p. : bil. ; c21 cm. aPoemas traducidos al portugués.1 aSepúlveda, Carlos. aES-MaACLjL-27355 bR.132934